[Event "Cambridge op 2nd"]
[Site "Cambridge"]
[Date "2024.02.23"]
[Round "8"]
[White "Zhang, Junyi"]
[Black "Blauhut, Holger"]
[Result "1/2-1/2"]
[WhiteElo "1763"]
[BlackElo "2016"]
[PlyCount "61"]
[EventDate "2024.02.19"]
[EventType "swiss"]
[EventRounds "9"]
[EventCountry "ENG"]
[SourceTitle "CBM 218 Extra"]
[Source "ChessBase"]
[SourceDate "2024.03.31"]
[SourceVersion "1"]
[SourceVersionDate "2024.03.31"]
[SourceQuality "1"]

1. e4 e5 2. Nf3 Nc6 3. Bc4 Bc5 4. c3 Nf6 5. d4 exd4 6. e5 d5 7. Bb5 Ne4 8. cxd4 Bb6 9. Nc3 0-0 10. Be3 Bg4 11. h3 Bh5 12. Qc2 Nxc3 13. bxc3 f6 14. exf6 Qxf6 15. Be2 Na5 16. 0-0 Rae8 17. Ne5 Bxe2 18. Qxe2 Qe6 19. Qd2 c5 20. Rfe1 cxd4 21. Bxd4 Bxd4 22. cxd4 Nc6 23. Rac1 Qd6 24. Qb2 Re7 25. Re2 Rfe8 26. f4 g5 27. Rf1 gxf4 28. Rxf4 Nxe5 29. dxe5 Qb6+ 30. Qxb6 axb6 31. Rf5 1/2-1/2

[Event "Riga Tech Rapid op"]
[Site "Riga"]
[Date "2023.08.06"]
[Round "5"]
[White "Blauhut, Holger"]
[Black "Tolmacevs, Artjoms"]
[Result "0-1"]
[WhiteElo "2074"]
[BlackElo "1983"]
[PlyCount "72"]
[EventDate "2023.08.06"]
[EventType "swiss (rapid)"]
[EventRounds "9"]
[EventCountry "LAT"]
[SourceTitle "CBM 215 Extra"]
[Source "ChessBase"]
[SourceDate "2023.09.30"]
[SourceVersion "1"]
[SourceVersionDate "2023.09.30"]
[SourceQuality "1"]

1. e4 c5 2. Nf3 d6 3. Bb5+ Nd7 4. d4 cxd4 5. Qxd4 e5 6. Qe3 Ngf6 7. 0-0 Be7 8. c4 0-0 9. Nc3 Nc5 10. b4 Ne6 11. Ba4 Bd7 12. Bxd7 Qxd7 13. Rd1 Qc7 14. Nd5 Nxd5 15. cxd5 Nd4 16. Nxd4 exd4 17. Qd3 Qc3 18. Qxc3 dxc3 19. Be3 Rfc8 20. Rac1 Rc4 21. f3 b6 22. a3 c2 23. Rd4 Rac8 24. Rxc4 Rxc4 25. Rf1 Bf6 26. Bc1 Bd4+ 27. Kh1 Kf8 28. g3 Rc3 29. Kg2 Rd3 30. f4 Rd1 31. a4 Ke7 32. b5 f5 33. exf5 Kf6 34. g4 Kf7 35. Rh1 Bc3 36. Rf1 Be1 0-1

[Event "NOR-ch Blitz"]
[Site "Drammen"]
[Date "2023.01.06"]
[Round "2"]
[White "Al Tarbosh, Ward"]
[Black "Blauhut, Holger"]
[Result "1-0"]
[WhiteElo "2238"]
[BlackElo "2131"]
[PlyCount "65"]
[EventDate "2023.01.06"]
[EventType "swiss (blitz)"]
[EventRounds "9"]
[EventCountry "NOR"]
[SourceTitle "CBM 212 Extra"]
[Source "ChessBase"]
[SourceDate "2023.03.31"]
[SourceVersion "1"]
[SourceVersionDate "2023.03.31"]
[SourceQuality "1"]

1. e4 e5 2. Nf3 Nc6 3. Bb5 a6 4. Ba4 Nf6 5. 0-0 Be7 6. Re1 b5 7. Bb3 0-0 8. d3 Bb7 9. Nbd2 d6 10. a4 Na5 11. Ba2 c5 12. axb5 axb5 13. Nf1 Nc6 14. Bd2 Qc7 15. Ng3 Rfe8 16. Nf5 Bf8 17. Ng5 Nd8 18. Qf3 c4 19. Qg3 d5 20. h4 Nh5 21. Qg4 Nf6 22. Qg3 Nh5 23. Qf3 g6 24. Ne3 dxe4 25. dxe4 Ne6 26. Nxe6 Rxe6 27. b3 Rea6 28. bxc4 Rxa2 29. Rxa2 Rxa2 30. cxb5 Ng7 31. Ng4 f5 32. Qb3+ Qf7 33. Nh6+ 1-0

[Event "Malmo op"]
[Site "Malmo"]
[Date "2022.12.16"]
[Round "3"]
[White "Baskin, Robert"]
[Black "Blauhut, Holger"]
[Result "1-0"]
[WhiteElo "2426"]
[BlackElo "2141"]
[PlyCount "147"]
[EventDate "2022.12.16"]
[EventType "swiss"]
[EventRounds "8"]
[EventCountry "SWE"]
[SourceTitle "CBM 211 Extra"]
[Source "ChessBase"]
[SourceDate "2023.01.31"]
[SourceVersion "1"]
[SourceVersionDate "2023.01.31"]
[SourceQuality "1"]

1. e4 e5 2. Nf3 Nc6 3. Bb5 a6 4. Ba4 Nf6 5. 0-0 Be7 6. Re1 b5 7. Bb3 0-0 8. h3 Bb7 9. d3 d6 10. Bd2 h6 11. a4 b4 12. a5 Rb8 13. c3 bxc3 14. bxc3 Bc8 15. d4 exd4 16. cxd4 Nb4 17. Nc3 c5 18. dxc5 dxc5 19. Bf4 Rb7 20. e5 Nd3 21. exf6 Bxf6 22. Bd2 Nxe1 23. Bxe1 Qxd1 24. Bxd1 Re7 25. Rc1 Rfe8 26. Bd2 Bb7 27. Be3 Bxf3 28. Bxf3 Bd4 29. Nd5 Re5 30. Rd1 Kf8 31. Bxd4 cxd4 32. Rxd4 Re1+ 33. Kh2 Ra1 34. Nc7 Re5 35. Nxa6 Rexa5 36. Nb8 g6 37. Rd8+ Kg7 38. Nc6 R5a2 39. Rd7 Rxf2 40. Nd8 Raa2 41. Kg3 h5 42. Nxf7 Kf6 43. Rb7 Rfb2 44. Rd7 Rd2 45. Rc7 Rdc2 46. Nd6 Rxc7 47. Ne8+ Kg5 48. Nxc7 h4+ 49. Kh2 Kf4 50. Nd5+ Ke5 51. Ne3 Kf4 52. Nd5+ Ke5 53. Kg1 g5 54. Nc3 Rc2 55. Ne2 Ra2 56. Kf2 Ra3 57. Nc1 Kf5 58. Ke2 Kf4 59. Kf2 Kf5 60. Be2 Kf4 61. Nd3+ Ke4 62. Ne1 Kf4 63. Nc2 Ra2 64. Nb4 Ra3 65. Nd5+ Ke5 66. Nb4 Kf4 67. Nc2 Ra2 68. Ne1 g4 69. Nd3+ Kg5 70. hxg4 Rxe2+ 71. Kxe2 Kxg4 72. Kf1 h3 73. Nf2+ Kg3 74. Nxh3 1-0

[Event "Malmo op"]
[Site "Malmo"]
[Date "2021.12.17"]
[Round "2"]
[White "Blauhut, Holger"]
[Black "Olsen, Filip Boe"]
[Result "0-1"]
[WhiteElo "2073"]
[BlackElo "2381"]
[PlyCount "72"]
[EventDate "2021.12.17"]
[EventType "swiss"]
[EventRounds "8"]
[EventCountry "SWE"]
[SourceTitle "CBM 205 Extra"]
[Source "ChessBase"]
[SourceDate "2022.01.31"]
[SourceVersion "1"]
[SourceVersionDate "2022.01.31"]
[SourceQuality "1"]

1. e4 c6 2. d4 d5 3. e5 Bf5 4. h4 h5 5. c4 e6 6. Nc3 Ne7 7. Nge2 Nd7 8. Ng3 Bg6 9. cxd5 cxd5 10. Be2 Nc6 11. Be3 Be7 12. Bxh5 Bxh5 13. Nxh5 g6 14. Nf4 Rxh4 15. Rxh4 Bxh4 16. Qg4 Nf8 17. 0-0-0 Rc8 18. Kb1 Be7 19. Nd3 Nb4 20. Nxb4 Bxb4 21. Bd2 Rc4 22. Ne2 Qa5 23. Bxb4 Qxb4 24. Qh3 a6 25. Qd3 Nd7 26. b3 Rc6 27. Rc1 Nb8 28. Kb2 Rxc1 29. Nxc1 Nc6 30. Ne2 Qe1 31. Qe3 Qd1 32. a3 b5 33. f3 Qe1 34. Qd3 Qf2 35. Qc2 Kd7 36. Qd2 Qxg2 0-1

[Event "Kragero Sept op"]
[Site "Kragero"]
[Date "2020.09.06"]
[Round "6"]
[White "Shehzad, Shazil Khan"]
[Black "Blauhut, Holger"]
[Result "1-0"]
[WhiteElo "2164"]
[BlackElo "2114"]
[PlyCount "85"]
[EventDate "2020.09.04"]
[EventType "swiss"]
[EventRounds "6"]
[EventCountry "NOR"]
[SourceTitle "CBM 198 Extra"]
[Source "ChessBase"]
[SourceDate "2020.11.30"]
[SourceVersion "1"]
[SourceVersionDate "2020.11.30"]
[SourceQuality "1"]

1. e4 e5 2. Nf3 Nc6 3. Nc3 Nf6 4. d4 exd4 5. Nxd4 Bb4 6. Nxc6 bxc6 7. Bd3 d5 8. exd5 cxd5 9. 0-0 0-0 10. Bg5 c6 11. h3 Rb8 12. Qf3 Bd6 13. b3 Be5 14. Bf4 Bxc3 15. Bxb8 Bxa1 16. Rxa1 Bg4 17. hxg4 Qxb8 18. Qf5 Re8 19. c4 Re5 20. Qf3 Qe8 21. Rf1 Qe6 22. cxd5 cxd5 23. Bf5 Qe7 24. Qf4 g6 25. Bd3 Nd7 26. b4 h5 27. gxh5 Rxh5 28. Rc1 Ne5 29. Be2 Rh4 30. Qe3 d4 31. Qg3 Kg7 32. b5 Re4 33. Bf1 Rg4 34. Qh3 Qf6 35. Be2 Re4 36. Rc8 Rh4 37. Qa3 d3 38. Bd1 Kh7 39. Qf8 Qg7 40. Qd8 Rd4 41. Qg5 f6 42. Qg3 Qd7 43. Qh2+ 1-0

[Event "GER Cup Net Final-B U2000"]
[Site "Playchess.com INT"]
[Date "2020.06.06"]
[Round "1"]
[White "Blauhut, Holger"]
[Black "Schewe, Bernhard"]
[Result "1-0"]
[WhiteElo "1920"]
[BlackElo "1769"]
[PlyCount "133"]
[EventDate "2020.06.06"]
[EventType "swiss (blitz)"]
[EventRounds "13"]
[EventCountry "GER"]
[SourceTitle "CBM 197 Extra"]
[Source "ChessBase"]
[SourceDate "2020.09.30"]
[SourceVersion "1"]
[SourceVersionDate "2020.09.30"]
[SourceQuality "1"]

1. e4 e6 2. d4 d5 3. Bd3 Nf6 4. e5 Nfd7 5. f4 c5 6. c3 Nc6 7. Nf3 Qb6 8. Bc2 a5 9. 0-0 Be7 10. a3 cxd4 11. cxd4 f5 12. Kh1 0-0 13. Nc3 h6 14. Rb1 Qd8 15. Be3 Nb6 16. Bf2 Nc4 17. Bd3 b5 18. a4 b4 19. Nb5 Nb6 20. b3 Na7 21. Rc1 Nxb5 22. Bxb5 Bd7 23. Qe2 Rc8 24. Be3 Rc3 25. Rxc3 bxc3 26. Rc1 Bb4 27. Rc2 Qc7 28. Bf2 Rc8 29. Be1 Qb7 30. Qd3 Qc7 31. Ng1 Qd8 32. Ne2 Bxb5 33. Qxb5 Nd7 34. Nc1 Nf8 35. g3 Rc7 36. Nd3 Qc8 37. Nxb4 axb4 38. Qxb4 Nd7 39. Qa3 Nb6 40. a5 Nd7 41. b4 Rc4 42. Rxc3 Nb8 43. Kg2 Na6 44. b5 Nc7 45. Rxc4 dxc4 46. Qc5 Qa8+ 47. Kh3 Qe4 48. Qxc7 Qxe1 49. Qc8+ Kh7 50. Qxc4 Qxa5 51. Qxe6 Qxb5 52. Qxf5+ Kg8 53. Qe4 Qf1+ 54. Kh4 Qf2 55. e6 Qxh2+ 56. Kg4 h5+ 57. Kg5 Qxg3+ 58. Kxh5 Qh3+ 59. Kg5 Qg3+ 60. Kf5 Qh3+ 61. Ke5 Qh5+ 62. Kd6 Qe8 63. e7 Qb8+ 64. Ke6 Qb6+ 65. Kf5 Qf6+ 66. Kg4 Qxe7 67. Qxe7 1-0

[Event "GER Cup Net Final-B U2000"]
[Site "Playchess.com INT"]
[Date "2020.06.06"]
[Round "4"]
[White "Blauhut, Holger"]
[Black "Singh, Marcel"]
[Result "1-0"]
[WhiteElo "1920"]
[BlackElo "2030"]
[PlyCount "145"]
[EventDate "2020.06.06"]
[EventType "swiss (blitz)"]
[EventRounds "13"]
[EventCountry "GER"]
[SourceTitle "CBM 197 Extra"]
[Source "ChessBase"]
[SourceDate "2020.09.30"]
[SourceVersion "1"]
[SourceVersionDate "2020.09.30"]
[SourceQuality "1"]

1. e4 Nf6 2. e5 Nd5 3. d4 d6 4. Bc4 Nb6 5. Bb3 dxe5 6. Qh5 e6 7. dxe5 g6 8. Qe2 Bg7 9. Nf3 0-0 10. 0-0 c5 11. c3 Qc7 12. Bf4 Nd5 13. Bg3 Nc6 14. Nbd2 b6 15. Rfe1 Bb7 16. Nc4 Nce7 17. Nd6 Nf5 18. Nxf5 gxf5 19. Rad1 Rad8 20. Bh4 Rd7 21. Ba4 Bc6 22. Bxc6 Qxc6 23. Bg5 h6 24. Bc1 Rfd8 25. Nd2 Nf4 26. Qf3 Qxf3 27. gxf3 Nd3 28. Nc4 Nxe5 29. Rxd7 Nxf3+ 30. Kf1 Rxd7 31. Re3 Nxh2+ 32. Kg2 Ng4 33. Re1 h5 34. Bf4 e5 35. Bg5 f6 36. Bc1 Kf7 37. f3 Nh6 38. Ne3 Ng8 39. Re2 Ne7 40. Kf2 f4 41. Ng2 Nf5 42. Nh4 Ng3 43. Ng2 Ke6 44. Re1 f5 45. Bd2 Bf6 46. Bc1 Kf7 47. Nxf4 Re7 48. Nd5 e4 49. Nxf6 Kxf6 50. fxe4 Nxe4+ 51. Ke3 Ng5+ 52. Kf2 Rxe1 53. Kxe1 Ke5 54. Kf2 f4 55. b4 Kf5 56. bxc5 bxc5 57. c4 Ne4+ 58. Kg2 Nd6 59. Ba3 Nxc4 60. Bxc5 Ke4 61. Bxa7 f3+ 62. Kf1 Ne5 63. a4 Nc4 64. Bf2 h4 65. Bxh4 Ke3 66. Bf2+ Kd2 67. Be1+ Ke3 68. a5 f2 69. Bxf2+ Ke4 70. a6 Nd2+ 71. Ke2 Nf3 72. a7 Ne5 73. a8Q+ 1-0

[Event "GER Cup Net V3 U2000"]
[Site "Playchess.com INT"]
[Date "2020.05.27"]
[Round "4"]
[White "Schulz, Marc Daniel"]
[Black "Blauhut, Holger"]
[Result "1-0"]
[WhiteElo "1720"]
[BlackElo "1924"]
[PlyCount "101"]
[EventDate "2020.05.27"]
[EventType "swiss (blitz)"]
[EventRounds "9"]
[EventCountry "GER"]
[SourceTitle "EXT 2021"]
[Source "ChessBase"]
[SourceDate "2020.10.23"]
[SourceVersion "1"]
[SourceVersionDate "2020.10.23"]
[SourceQuality "1"]

1. e4 e5 2. Bc4 Nc6 3. d3 Bc5 4. Ne2 Nf6 5. h3 Na5 6. Bb3 Nxb3 7. axb3 c6 8. 0-0 h6 9. Kh2 0-0 10. f4 exf4 11. Nxf4 d5 12. exd5 Nxd5 13. Nxd5 Qxd5 14. Nc3 Qd8 15. Ne4 Bb6 16. Qh5 f5 17. Ng3 Qf6 18. c3 Qf7 19. Qxf7+ Rxf7 20. Ra4 Be6 21. Raf4 Raf8 22. b4 Bc7 23. R4f2 f4 24. Ne4 f3+ 25. g3 g5 26. Be3 b6 27. Nd2 Kg7 28. Nxf3 Kg6 29. Bd4 h5 30. Kg2 Bd5 31. c4 Bxf3+ 32. Rxf3 Rxf3 33. Rxf3 Rxf3 34. Kxf3 Kf5 35. g4+ hxg4+ 36. hxg4+ Ke6 37. Ke4 Bf4 38. Be3 Be5 39. Bxg5 Bxb2 40. Be3 b5 41. Bxa7 Bc3 42. Bc5 Kf6 43. cxb5 cxb5 44. d4 Ke6 45. d5+ Kf6 46. d6 Ke6 47. Kf4 Bd2+ 48. Ke4 Bc3 49. g5 Bd2 50. g6 Kf6 51. d7 1-0

[Event "GER-ch Net Amateur Gr-A Vor1"]
[Site "Playchess.com INT"]
[Date "2020.04.14"]
[Round "4"]
[White "Blauhut, Holger"]
[Black "Roettig, Hans Peter"]
[Result "1-0"]
[WhiteElo "2012"]
[BlackElo "1899"]
[PlyCount "47"]
[EventDate "2020.04.14"]
[EventType "swiss (blitz)"]
[EventRounds "9"]
[EventCountry "GER"]
[SourceTitle "EXT 2021"]
[Source "ChessBase"]
[SourceDate "2020.10.23"]
[SourceVersion "1"]
[SourceVersionDate "2020.10.23"]
[SourceQuality "1"]

1. e4 c5 2. Nf3 d6 3. Bb5+ Bd7 4. Bxd7+ Qxd7 5. 0-0 Nc6 6. Re1 g6 7. c3 Bg7 8. d4 cxd4 9. cxd4 Nf6 10. Nc3 0-0 11. h3 Rfd8 12. Be3 a6 13. Qd2 b5 14. Rac1 b4 15. Nd5 Rac8 16. Nb6 Qb7 17. Nxc8 Rxc8 18. d5 Ne5 19. Nxe5 dxe5 20. Rxc8+ Qxc8 21. f3 a5 22. Rc1 Qa6 23. Qc2 Qb5 24. Qc6 1-0

[Event "GER-ch Net Amateur Gr-A Vor1"]
[Site "Playchess.com INT"]
[Date "2020.04.14"]
[Round "6"]
[White "Blauhut, Holger"]
[Black "Tietz, Bennit"]
[Result "1-0"]
[WhiteElo "2012"]
[BlackElo "1712"]
[PlyCount "49"]
[EventDate "2020.04.14"]
[EventType "swiss (blitz)"]
[EventRounds "9"]
[EventCountry "GER"]
[SourceTitle "EXT 2021"]
[Source "ChessBase"]
[SourceDate "2020.10.23"]
[SourceVersion "1"]
[SourceVersionDate "2020.10.23"]
[SourceQuality "1"]

1. e4 e5 2. Nf3 Nc6 3. Bc4 Bc5 4. c3 Nf6 5. d3 d5 6. exd5 Nxd5 7. Qb3 Be6 8. Qxb7 Na5 9. Qb5+ c6 10. Qxc5 Nxc4 11. dxc4 Nf4 12. Bxf4 exf4 13. 0-0 Qd7 14. Na3 Bg4 15. Ne5 Qf5 16. Qxc6+ Ke7 17. Rfe1 Kf8 18. Qxa8+ Ke7 19. Qxh8 Bh3 20. Qxg7 Bxg2 21. Qxg2 Kf8 22. Rad1 Qc8 23. Nd7+ Qxd7 24. Rxd7 a5 25. Rd8# 1-0

[Event "GER-ch Net Amateur Gr-A Vor1"]
[Site "Playchess.com INT"]
[Date "2020.04.14"]
[Round "1"]
[White "Moewisch, Dave"]
[Black "Blauhut, Holger"]
[Result "0-1"]
[WhiteElo "1727"]
[BlackElo "2012"]
[PlyCount "136"]
[EventDate "2020.04.14"]
[EventType "swiss (blitz)"]
[EventRounds "9"]
[EventCountry "GER"]
[SourceTitle "EXT 2021"]
[Source "ChessBase"]
[SourceDate "2020.10.23"]
[SourceVersion "1"]
[SourceVersionDate "2020.10.23"]
[SourceQuality "1"]

1. e4 e5 2. Nf3 Nc6 3. Bc4 Bc5 4. c3 Nf6 5. d4 exd4 6. e5 d5 7. Bb5 Ne4 8. cxd4 Bb6 9. 0-0 0-0 10. h3 f6 11. Bxc6 bxc6 12. Nc3 fxe5 13. Nxe5 Qf6 14. Nxe4 dxe4 15. Be3 Ba6 16. Nd7 Qf5 17. Nxf8 Bxf1 18. Qxf1 Rxf8 19. Qc4+ Kh8 20. Qxc6 h6 21. a4 Rf6 22. Qc3 a5 23. b4 Rg6 24. Kh1 Kh7 25. b5 Qd5 26. Rc1 Rd6 27. Qc4 Qf5 28. Rc2 Qf6 29. Rd2 Qf5 30. Kg1 Rg6 31. Kh1 Rd6 32. Qe2 Qd5 33. Rc2 Qb3 34. Qc4 Qd3 35. Qxd3 exd3 36. Rd2 Bxd4 37. Bxd4 Rxd4 38. f3 Kg6 39. Kg1 Kf5 40. Kf2 Ke5 41. Ke3 Rxa4 42. Rxd3 Rb4 43. Rd7 Rxb5 44. Rxc7 g5 45. g4 a4 46. Ra7 Rb3+ 47. Kf2 a3 48. Kg3 Kd4 49. h4 gxh4+ 50. Kxh4 Rxf3 51. g5 hxg5+ 52. Kxg5 Kc3 53. Kg4 Rd3 54. Kf4 Kb2 55. Ke4 Rd6 56. Rb7+ Ka1 57. Rb3 Ka2 58. Rb4 Rd2 59. Ke3 Rb2 60. Rd4 Kb3 61. Rd3+ Ka4 62. Rd4+ Rb4 63. Rd2 Rb2 64. Rd4+ Kb5 65. Kd3 a2 66. Rd5+ Kb4 67. Rd4+ Kb3 68. Rb4+ Kxb4 0-1

[Event "GER-ch Net Amateur Gr-A Vor1"]
[Site "Playchess.com INT"]
[Date "2020.04.14"]
[Round "5"]
[White "Scheftlein, Richard"]
[Black "Blauhut, Holger"]
[Result "1-0"]
[WhiteElo "2272"]
[BlackElo "2012"]
[PlyCount "116"]
[EventDate "2020.04.14"]
[EventType "swiss (blitz)"]
[EventRounds "9"]
[EventCountry "GER"]
[SourceTitle "EXT 2021"]
[Source "ChessBase"]
[SourceDate "2020.10.23"]
[SourceVersion "1"]
[SourceVersionDate "2020.10.23"]
[SourceQuality "1"]

1. d4 d5 2. c4 e6 3. Nc3 Be7 4. Nf3 Nf6 5. Bg5 h6 6. Bh4 0-0 7. cxd5 Nxd5 8. Bxe7 Qxe7 9. Rc1 Nxc3 10. Rxc3 c6 11. e3 Nd7 12. Bc4 e5 13. 0-0 exd4 14. exd4 Qf6 15. Re1 Nb6 16. Ne5 Nxc4 17. Rxc4 Be6 18. Rc3 Rfd8 19. Rf3 Qh4 20. Rd3 Rd5 21. Nf3 Qf6 22. Re5 Rad8 23. h3 R8d7 24. a3 Qd8 25. Qe2 c5 26. Rxe6 fxe6 27. Qxe6+ Kh7 28. Ne5 Rxe5 29. Qxe5 Rxd4 30. Rg3 Qd7 31. Qxc5 b6 32. Qe5 Rd1+ 33. Kh2 Rd2 34. Rf3 Qd6 35. Qxd6 Rxd6 36. b4 Kg6 37. g4 Rc6 38. Kg3 a5 39. h4 axb4 40. h5+ Kh7 41. axb4 Rc4 42. Rf4 Rc3+ 43. f3 b5 44. Rf5 g6 45. Rxb5 gxh5 46. gxh5 Rb3 47. Rb7+ Kg8 48. b5 Kh8 49. b6 Rb5 50. Kg4 Rg5+ 51. Kh4 Rb5 52. Rb8+ Kh7 53. b7 Kg7 54. f4 Rb4 55. Kh3 Kh7 56. f5 Rb6 57. f6 Rxf6 58. Rc8 Rf3+ 1-0

[Event "Nordic-ch"]
[Site "Sarpsborg"]
[Date "2019.06.22"]
[Round "2"]
[White "Strand, Vetle Bjorge"]
[Black "Blauhut, Holger"]
[Result "0-1"]
[WhiteElo "1609"]
[BlackElo "2041"]
[PlyCount "151"]
[EventDate "2019.06.21"]
[EventType "swiss"]
[EventRounds "9"]
[EventCountry "NOR"]
[SourceTitle "CBM 191 Extra"]
[Source "ChessBase"]
[SourceDate "2019.09.30"]
[SourceVersion "1"]
[SourceVersionDate "2019.09.30"]
[SourceQuality "1"]

1. d4 d5 2. c4 e6 3. Nc3 Nf6 4. Bg5 Nbd7 5. e3 c6 6. Nf3 Qa5 7. Nd2 Bb4 8. Qc1 dxc4 9. Bxf6 Nxf6 10. Nxc4 Qg5 11. Nd2 0-0 12. a3 Be7 13. g3 Rd8 14. Bg2 Qh6 15. Nce4 e5 16. Nxf6+ Bxf6 17. dxe5 Bxe5 18. 0-0 Bh3 19. Nc4 Bxg2 20. Kxg2 Bc7 21. Qc2 Qh5 22. Nd2 Rd6 23. Rad1 Rh6 24. h4 Qg4 25. Nf3 Rg6 26. Rd4 Qh5 27. Rd7 Rc8 28. Rfd1 h6 29. Qb3 Rf6 30. e4 Bb6 31. Rxb7 g5 32. hxg5 hxg5 33. Rh1 Qg6 34. e5 Rf5 35. Rf1 Rd8 36. Re7 Kf8 37. Rb7 c5 38. Qc2 g4 39. Nh4 Qc6+ 40. Kg1 Rh5 41. Rxb6 axb6 42. f3 gxf3 43. Nxf3 Qh6 44. Nh4 Rxh4 45. gxh4 Rd2 46. Qf5 Qg7+ 47. Qg5 Qxg5+ 48. hxg5 Ke7 49. b4 c4 50. Rc1 b5 51. Rc3 Rb2 52. Rc1 Ke6 53. Kf1 Kxe5 54. Ke1 Kf5 55. Kd1 Ra2 56. Rc3 Kxg5 57. Kc1 f5 58. Kb1 Rg2 59. a4 bxa4 60. Rxc4 Rg4 61. Rc2 Rxb4+ 62. Kc1 a3 63. Ra2 Rb3 64. Kd1 f4 65. Ke1 f3 66. Ra1 Kg4 67. Kf2 Rb2+ 68. Ke3 a2 69. Rg1+ Rg2 70. Rc1 Kg3 71. Ke4 Rb2 72. Rg1+ Kh2 73. Ra1 Kg2 74. Kd3 f2 75. Kc3 Re2 76. Rd1 0-1